Normal view MARC view

Entry Nombre corporativo

Number of records used in: 10

001 - NÚMERO DE CONTROL

  • campo de control: 44601

003 - IDENTIFICADOR DEL NÚMERO DE CONTROL

  • campo de control: OSt

005 - FECHA Y HORA DE LA ÚLTIMA TRANSACCIÓN

  • campo de control: 20200306090825.0

008 - DATOS DE LONGITUD FIJA

  • campo de control de longitud fija: 200306|| aca||aabn | a|a d

040 ## - FUENTE DE LA CATALOGACIÓN

  • Centro catalogador/agencia de origen: OSt
  • Centro/agencia transcriptor: OSt

110 ## - ENCABEZAMIENTO-NOMBRE DE ENTIDAD CORPORATIVA

  • Nombre de entidad corporativa o nombre de jurisdicción como elemento de entrada: Universidad Peruana de Ciencias Aplicadas (UPC)

670 ## - FUENTE DE DATOS ENCONTRADOS

  • Cita de la fuente: Work cat.: (OSt): Serrano de Dreifuss, Olinda 44599, diagnóstico con intervenciones terapéuticas Psicoterapia breve a partir de la historia /, 2012.

Powered by Koha